000 00446nam a2200193Ia 4500
005 20240823021905.0
008 240823s9999||||xx |||||||||||||| ||und||
020 _a81-309-0444-6
041 _aENGLISH
082 _A801.95 P7
100 _a"Bloom,Harold Ed."
245 0 _aBloom s Notes Beowulf
250 _a1st
260 _c2007
_b"Viva,New "
_aNew Delhi
500 _aYES
650 _aStory
_bEnglish
942 _cBK
999 _c177950
_d177950